000 00877-am-a2200241-a-4500
001 YSU0072480
003 AM-YEHGA
005 20250618075949.0
008 971108s1962 xxu 000 0 rus u
020 _c140.00
040 _aAM-YeHGA
100 1 _aЛахостский, Карилл Павлович
245 1 1 _a"Евгений Онегин". Роман В стихах А. С. Пушкина
260 0 _aЛ. ,
_c1962.
300 _a72с.
500 _aОбщество по распространению полит. и науч. знаний РСФС
650 4 _aХудожественная литература
_94918
653 _aПушкин, Александр Сергеевич. Евгений Онегин
653 _aРусская литература
700 1 _aВоробьев, Г.С.
_4edt
942 _2udc
_cBK
090 _c517478
999 _c513958
_d513958